[Event "SR Extraliga 2017/2018"]
[Site "?"]
[Date "2018.01.06"]
[Round "7.7"]
[White "Jacko, Vladimir"]
[Black "Csonka, Attila"]
[Result "1-0"]
[WhiteElo "2304"]
[BlackElo "2371"]
[PlyCount "83"]
[EventDate "2017.??.??"]

1. Nf3 Nc6 2. d4 d5 3. g3 Bg4 4. Bg2 Nf6 5. Ne5 e6 6. c4 Bb4+ 7. Nc3 O-O 8. O-O
Nxe5 9. dxe5 Bxc3 10. bxc3 Nd7 11. cxd5 exd5 12. Qxd5 Bxe2 13. Re1 c6 14. Qe4
Bh5 15. Ba3 Re8 16. Bd6 Bg6 17. Qd4 Qb6 18. a4 Qxd4 19. cxd4 Nb6 20. a5 Nd5 21.
a6 b5 22. Rac1 Rac8 23. Bh3 b4 24. Bxc8 Rxc8 25. Re2 b3 26. Rb2 Bc2 27. Rcxc2
bxc2 28. Rxc2 g5 29. Rb2 Nc3 30. Rb7 Ne2+ 31. Kf1 Nxd4 32. Rxa7 c5 33. Rb7 Nc6
34. a7 c4 35. Bb8 Nxa7 36. Bxa7 c3 37. Rb1 c2 38. Rc1 Rc4 39. Be3 g4 40. Ke2
Re4 41. Rxc2 Rxe5 42. Rc5 1-0

[Event "SR Extraliga 2017/2018"]
[Site "?"]
[Date "2018.01.06"]
[Round "7.8"]
[White "Varga, David"]
[Black "Kusiak, Matej"]
[Result "1-0"]
[WhiteElo "2304"]
[BlackElo "2300"]
[PlyCount "65"]
[EventDate "2017.??.??"]

1. e4 c5 2. Nf3 Nf6 3. e5 Nd5 4. d4 cxd4 5. Qxd4 e6 6. c4 Nc6 7. Qe4 f5 8. Qe2
Nde7 9. Bd2 Ng6 10. Nc3 a6 11. O-O-O Qc7 12. h3 Ncxe5 13. g4 Nxf3 14. Qxf3 Qc6
15. Qe2 fxg4 16. Rg1 Qf3 17. Qe1 Bc5 18. Ne4 Be7 19. Rxg4 O-O 20. Bg2 Qf5 21.
Bc3 Rb8 22. f4 b5 23. Ng3 Qc5 24. f5 Rxf5 25. Nxf5 Qxf5 26. Be4 Qh5 27. Qg3 e5
28. Bxg6 hxg6 29. Rxg6 d6 30. Rxg7+ Kf8 31. Rf1+ Bf5 32. Rg8+ Kf7 33. Rxb8 1-0

[Event "SR Extraliga 2017/2018"]
[Site "?"]
[Date "2018.01.07"]
[Round "8.1"]
[White "Cvek, Robert"]
[Black "Nagy, Gabor"]
[Result "1-0"]
[WhiteElo "2501"]
[BlackElo "2474"]
[PlyCount "51"]
[EventDate "2017.??.??"]

1. e4 c5 2. Nf3 e6 3. g3 Nc6 4. Bg2 d5 5. exd5 exd5 6. O-O Nf6 7. d4 Be7 8.
dxc5 O-O 9. Nc3 Bxc5 10. Bg5 Be6 11. Ne1 d4 12. Ne4 Be7 13. Bxf6 Bxf6 14. Nd3
Be7 15. Re1 Qa5 16. a3 Rad8 17. b4 Qc7 18. Qh5 h6 19. Nf4 Ne5 20. Nc5 Bxc5 21.
bxc5 Nd7 22. Rxe6 fxe6 23. Nxe6 Nf6 24. Nxc7 Nxh5 25. Ne6 Rc8 26. Bxb7 1-0

[Event "SR Extraliga 2017/2018"]
[Site "?"]
[Date "2018.01.07"]
[Round "8.2"]
[White "Michalicka, Milan"]
[Black "Pechac, Jergus"]
[Result "0-1"]
[WhiteElo "2179"]
[BlackElo "2449"]
[PlyCount "66"]
[EventDate "2017.??.??"]

1. d4 e6 2. Nf3 c5 3. c4 cxd4 4. Nxd4 Nf6 5. g3 d5 6. Bg2 e5 7. Nc2 d4 8. O-O
Nc6 9. Qd3 e4 10. Qb3 a6 11. Ne1 h6 12. Bd2 Bc5 13. Nc2 O-O 14. Nb4 Bg4 15. Re1
e3 16. fxe3 dxe3 17. Bc3 Bxb4 18. Bxb4 Nd4 19. Qa4 Nxe2+ 20. Rxe2 Bxe2 21. Bxf8
Qxf8 22. Nc3 Bd3 23. Bxb7 Rb8 24. Qxa6 Qb4 25. Qb5 Rxb7 26. Qxb4 Rxb4 27. b3
Rb8 28. Re1 Re8 29. c5 e2 30. h3 Nd7 31. b4 Ne5 32. Kg2 Ba6 33. b5 Bxb5 0-1

[Event "SR Extraliga 2017/2018"]
[Site "?"]
[Date "2018.01.07"]
[Round "8.3"]
[White "Rohacek, Miroslav"]
[Black "Haring, Viktor"]
[Result "1/2-1/2"]
[WhiteElo "2258"]
[BlackElo "2293"]
[PlyCount "44"]
[EventDate "2017.??.??"]

1. d4 Nf6 2. c4 e6 3. g3 Bb4+ 4. Bd2 c5 5. Bxb4 cxb4 6. Bg2 O-O 7. Nf3 d6 8.
O-O a5 9. a3 Na6 10. axb4 Nxb4 11. Nc3 Bd7 12. Qb3 Qc7 13. Nd2 Rfc8 14. Na2 Nc6
15. e3 a4 16. Qa3 e5 17. Nb4 exd4 18. Nxc6 Bxc6 19. Bxc6 Qxc6 20. exd4 Qb6 21.
Qd3 Qb4 22. Ra2 Ra6 1/2-1/2

[Event "SR Extraliga 2017/2018"]
[Site "?"]
[Date "2018.01.07"]
[Round "8.4"]
[White "Haring, Filip"]
[Black "Karas, Marek"]
[Result "1-0"]
[WhiteElo "2297"]
[BlackElo "2243"]
[PlyCount "77"]
[EventDate "2017.??.??"]

1. e4 e6 2. d4 d5 3. Nd2 c5 4. exd5 exd5 5. Bb5+ Bd7 6. Qe2+ Qe7 7. Bxd7+ Nxd7
8. Qxe7+ Bxe7 9. dxc5 Nxc5 10. Ngf3 Bf6 11. Nb3 Nxb3 12. axb3 Ne7 13. c3 Nc6
14. Be3 a6 15. Rd1 O-O-O 16. O-O Kc7 17. Rd3 Rd7 18. Rfd1 Rhd8 19. g3 b6 20.
Kg2 Kb7 21. h4 Na5 22. Nd4 Bxd4 23. Rxd4 b5 24. b4 Nc4 25. Bc1 h5 26. b3 Ne5
27. Be3 f6 28. R4d2 Kc6 29. Bd4 Nf7 30. Re2 Nd6 31. Re6 Re8 32. Rde1 Rxe6 33.
Rxe6 Kb7 34. Kf3 Ne4 35. Rb6+ Kc8 36. Rxa6 Rc7 37. Ke3 Nxc3 38. f3 Re7+ 39. Kd3
1-0

[Event "SR Extraliga 2017/2018"]
[Site "?"]
[Date "2018.01.07"]
[Round "8.5"]
[White "Jablonicky, Martin"]
[Black "Sorkovsky, Miroslav"]
[Result "1-0"]
[WhiteElo "2330"]
[BlackElo "2141"]
[PlyCount "109"]
[EventDate "2017.??.??"]

1. e4 c5 2. Nf3 d6 3. c3 Nf6 4. Be2 Bd7 5. Qc2 Bc6 6. d3 e6 7. O-O Nbd7 8. Nbd2
Rc8 9. d4 cxd4 10. Nxd4 Be7 11. Nxc6 bxc6 12. Nf3 O-O 13. Be3 Qc7 14. c4 c5 15.
Nd2 Ne5 16. h3 Nc6 17. f4 Nd7 18. Nf3 Rfd8 19. Rad1 Rb8 20. g4 Qa5 21. a3 Rb7
22. Bd2 Qc7 23. Bc3 Rdb8 24. Qd2 e5 25. f5 Nd4 26. g5 Qc6 27. Bd3 Nb6 28. f6
Nxf3+ 29. Rxf3 Bf8 30. fxg7 Bxg7 31. b3 Nc8 32. Bc2 Rd7 33. Rdf1 Ne7 34. Rxf7
Ng6 35. R7f5 Nf4 36. Qh2 Rf8 37. Bd2 Ne6 38. Rxf8+ Bxf8 39. Qf2 Bg7 40. Bd1 Nd4
41. Bh5 Qc7 42. Be8 Re7 43. g6 Rxe8 44. Qf7+ Qxf7 45. gxf7+ Kf8 46. fxe8=Q+
Kxe8 47. b4 Bf8 48. b5 Be7 49. a4 Ne6 50. a5 Bg5 51. Bxg5 Nxg5 52. b6 axb6 53.
a6 Ne6 54. a7 Nc7 55. Kg2 1-0

[Event "SR Extraliga 2017/2018"]
[Site "?"]
[Date "2018.01.07"]
[Round "8.6"]
[White "Stricova, Zuzana"]
[Black "Gasa, Andrej"]
[Result "1/2-1/2"]
[WhiteElo "2184"]
[BlackElo "2268"]
[PlyCount "68"]
[EventDate "2017.??.??"]

1. d4 Nf6 2. Nf3 e6 3. Bf4 c5 4. e3 a6 5. c3 d5 6. Nbd2 Be7 7. h3 Nc6 8. Bd3 h6
9. O-O O-O 10. a3 Nd7 11. dxc5 e5 12. Bg3 e4 13. Nxe4 dxe4 14. Bxe4 Nxc5 15.
Bxc6 bxc6 16. Nd4 Bb7 17. Nf5 Bf6 18. Bd6 Ne4 19. Bxf8 Qxd1 20. Rfxd1 Rxf8 21.
f3 Nc5 22. Nd6 Ba8 23. Rac1 Nb3 24. Rb1 c5 25. Nc4 Bc6 26. Nd2 Rb8 27. Nxb3
Rxb3 28. Kf2 Kf8 29. Ke2 Ke7 30. Kd3 Bb5+ 31. Kc2 Ba4 32. Kd3 Bb5+ 33. Kd2 Bg5
34. f4 Bf6 1/2-1/2

[Event "SR Extraliga 2017/2018"]
[Site "?"]
[Date "2018.01.07"]
[Round "8.7"]
[White "Istona, Martin"]
[Black "Kamody, Mario"]
[Result "1-0"]
[WhiteElo "2280"]
[BlackElo "2257"]
[PlyCount "38"]
[EventDate "2017.??.??"]

1. e4 e5 2. Nf3 Nc6 3. d4 exd4 4. Nxd4 Nf6 5. Nxc6 bxc6 6. e5 Qe7 7. Qe2 Nd5 8.
c4 Ba6 9. b3 g6 10. f4 Bg7 11. Qf2 Nb6 12. c5 Bxf1 13. cxb6 Ba6 14. bxc7 O-O
15. Ba3 Qe6 16. Nc3 Rfe8 17. O-O-O f6 18. Ne4 c5 19. Rd6 Qf5 1-0

[Event "SR Extraliga 2017/2018"]
[Site "?"]
[Date "2018.01.07"]
[Round "8.8"]
[White "Zatko, Gregor"]
[Black "Jozefek, Michal"]
[Result "0-1"]
[WhiteElo "2168"]
[BlackElo "2207"]
[PlyCount "66"]
[EventDate "2017.??.??"]

1. d4 d5 2. Bf4 Nf6 3. e3 Bf5 4. c4 Bxb1 5. Qxb1 e6 6. Bd3 Bb4+ 7. Ke2 dxc4 8.
Bxc4 Nbd7 9. Nf3 Bd6 10. Bg3 O-O 11. Rd1 Qe7 12. Ne5 Bxe5 13. dxe5 Nxe5 14.
Bxe5 Qc5 15. Bxf6 Qxc4+ 16. Qd3 Qg4+ 17. Kf1 gxf6 18. Qc3 Rad8 19. f3 Qg5 20.
Rd4 Rxd4 21. Qxd4 c5 22. Qc3 Rd8 23. Rc1 b6 24. Kf2 Qf5 25. Ke2 Qg6 26. g4 Qh6
27. Rh1 Qh3 28. Kf2 e5 29. Qc2 c4 30. Qe2 Rd3 31. Ke1 e4 32. Rf1 b5 33. Rf2 Kf8
0-1

[Event "SR Extraliga 2017/2018"]
[Site "?"]
[Date "2018.01.07"]
[Round "8.1"]
[White "Balogh, Csaba"]
[Black "Gazik, Viktor"]
[Result "1-0"]
[WhiteElo "2633"]
[BlackElo "2481"]
[PlyCount "59"]
[EventDate "2017.??.??"]

1. e4 c5 2. Nf3 d6 3. d4 cxd4 4. Qxd4 a6 5. c4 Nc6 6. Qe3 g6 7. h3 Bg7 8. Be2
Qa5+ 9. Nc3 Bxc3+ 10. bxc3 Be6 11. O-O Rc8 12. Ng5 Ne5 13. Nxe6 fxe6 14. Rb1
Rc7 15. f4 Nd7 16. Bg4 Qxa2 17. Rb4 a5 18. Qa7 Kf7 19. f5 exf5 20. exf5 Ngf6
21. fxg6+ hxg6 22. Rxb7 Rxb7 23. Qxb7 Nc5 24. Qd5+ Kg7 25. Qd4 Qc2 26. Re1 Nce4
27. Bf3 Rh4 28. Bg5 Nxg5 29. Rxe7+ Kg8 30. Bd5+ 1-0

[Event "SR Extraliga 2017/2018"]
[Site "?"]
[Date "2018.01.07"]
[Round "8.2"]
[White "Aczel, Gergely"]
[Black "Martinovic, Sasa"]
[Result "1/2-1/2"]
[WhiteElo "2565"]
[BlackElo "2599"]
[PlyCount "76"]
[EventDate "2017.??.??"]

1. d4 Nf6 2. c4 g6 3. f3 e6 4. e4 c5 5. d5 d6 6. Bg5 Bg7 7. Ne2 h6 8. Be3 exd5
9. cxd5 b5 10. Ng3 Nfd7 11. Nd2 Ba6 12. a4 b4 13. Bxa6 Nxa6 14. O-O O-O 15. Qe2
Nc7 16. Nc4 Nb6 17. Rf2 Qd7 18. a5 Nxc4 19. Qxc4 Rae8 20. f4 f5 21. e5 dxe5 22.
Bxc5 Qxd5 23. Qxd5+ Nxd5 24. Bxf8 Bxf8 25. Rd1 Nxf4 26. Rc2 e4 27. Rd7 Re5 28.
Rc8 Rxa5 29. h4 Rc5 30. Rxc5 Bxc5+ 31. Kf1 h5 32. b3 Nd3 33. Ne2 Kf8 34. g3 Be3
35. Rb7 Kg8 36. Kg2 Kf8 37. Kf1 Kg8 38. Kg2 Kf8 1/2-1/2

[Event "SR Extraliga 2017/2018"]
[Site "?"]
[Date "2018.01.07"]
[Round "8.3"]
[White "Michalik, Peter"]
[Black "Horvath, Csaba"]
[Result "1/2-1/2"]
[WhiteElo "2553"]
[BlackElo "2512"]
[PlyCount "53"]
[EventDate "2017.??.??"]

1. d4 Nf6 2. c4 e6 3. Nf3 d5 4. g3 Be7 5. Bg2 O-O 6. O-O Nbd7 7. Qc2 c6 8. Bf4
b6 9. cxd5 cxd5 10. Rc1 Bb7 11. Nc3 Rc8 12. Qb3 Nb8 13. Nb5 Nc6 14. Ne5 Na5 15.
Qd1 a6 16. Rxc8 Bxc8 17. Nc3 Nd7 18. Nxd7 Bxd7 19. e4 dxe4 20. Bxe4 Nc4 21. Qd3
Nxb2 22. Bxh7+ Kh8 23. Qc2 b5 24. Be4 Nc4 25. Rd1 Bd6 26. Bxd6 Nxd6 27. Bd3
1/2-1/2

[Event "SR Extraliga 2017/2018"]
[Site "?"]
[Date "2018.01.07"]
[Round "8.4"]
[White "Mihok, Oliver"]
[Black "Stohl, Igor"]
[Result "1-0"]
[WhiteElo "2543"]
[BlackElo "2500"]
[PlyCount "57"]
[EventDate "2017.??.??"]

1. e4 e5 2. Nf3 Nf6 3. Nxe5 d6 4. Nf3 Nxe4 5. c4 Be7 6. d4 d5 7. Nc3 Nxc3 8.
bxc3 O-O 9. cxd5 Qxd5 10. Be2 c5 11. O-O cxd4 12. Nxd4 Nd7 13. Bf4 Nb6 14. Bf3
Qc5 15. Re1 Bf6 16. Rc1 Bd7 17. Bxb7 Rad8 18. Qf3 Rfe8 19. Be4 Na4 20. Nb3 Qc8
21. h3 Qc4 22. Na5 Qxa2 23. Nb7 Rc8 24. Bd5 Qb2 25. Bxf7+ Kxf7 26. Qd5+ Kg6 27.
Qxd7 Rxe1+ 28. Rxe1 Qxc3 29. Qg4+ 1-0

[Event "SR Extraliga 2017/2018"]
[Site "?"]
[Date "2018.01.07"]
[Round "8.5"]
[White "Maslik, Miroslav"]
[Black "Vass, Frantisek"]
[Result "1/2-1/2"]
[WhiteElo "2363"]
[BlackElo "2319"]
[PlyCount "89"]
[EventDate "2017.??.??"]

1. d4 d5 2. c4 e6 3. Nf3 Nf6 4. g3 Be7 5. Bg2 O-O 6. O-O Nbd7 7. Qc2 Re8 8. Rd1
c6 9. Nbd2 Qc7 10. e4 dxe4 11. Nxe4 e5 12. dxe5 Nxe5 13. Bf4 Nxf3+ 14. Bxf3 Qa5
15. Bd6 Qf5 16. Qe2 Be6 17. Bxe7 Rxe7 18. Nd6 Qa5 19. Qd2 Qc7 20. Qf4 Rd7 21.
Rd2 Ne8 22. Rad1 Nxd6 23. Rxd6 Rxd6 24. Qxd6 Qxd6 25. Rxd6 Bxc4 26. Rd7 Rb8 27.
a3 Be6 28. Rd4 c5 29. Ra4 a6 30. Ra5 c4 31. Be4 g6 32. f4 Kg7 33. Kf2 Kf6 34.
Rc5 b6 35. Rc6 Ke7 36. Ke3 Kd7 37. Kd4 a5 38. Bd5 b5 39. Ra6 Bxd5 40. Kxd5 Rc8
41. Rxa5 c3 42. Ra7+ Ke8 43. bxc3 Rxc3 44. Kd6 Kf8 45. Ra5 1/2-1/2

[Event "SR Extraliga 2017/2018"]
[Site "?"]
[Date "2018.01.07"]
[Round "8.6"]
[White "Chovan, Milan"]
[Black "Schwarz, Dusan"]
[Result "1-0"]
[WhiteElo "2302"]
[BlackElo "2287"]
[PlyCount "75"]
[EventDate "2017.??.??"]

1. d4 Nf6 2. c4 c5 3. d5 e6 4. Nc3 exd5 5. cxd5 d6 6. Nf3 g6 7. Nd2 Bg7 8. e4
O-O 9. Be2 Na6 10. O-O Nc7 11. a4 Nfe8 12. Nc4 f5 13. f3 b6 14. Be3 Rb8 15. Qd2
Bd7 16. Bg5 Bf6 17. Bxf6 Qxf6 18. Rad1 a6 19. e5 dxe5 20. d6 Ne6 21. Qd5 Qd8
22. Nxe5 Nf6 23. Qa2 Kg7 24. Bxa6 Nd4 25. Bc4 Be8 26. Nb5 Bxb5 27. Bxb5 Qxd6
28. Nc6 Rbc8 29. Qc4 Nxb5 30. axb5 Qc7 31. Rfe1 Rfe8 32. b4 cxb4 33. Qxb4 Rxe1+
34. Rxe1 Re8 35. Ra1 Kh6 36. Ra7 Qc8 37. Qh4+ Nh5 38. f4 1-0

[Event "SR Extraliga 2017/2018"]
[Site "?"]
[Date "2018.01.07"]
[Round "8.7"]
[White "Banas, Kamil"]
[Black "Cibickova, Zuzana"]
[Result "0-1"]
[WhiteElo "2272"]
[BlackElo "2305"]
[PlyCount "126"]
[EventDate "2017.??.??"]

1. d4 d5 2. c4 c6 3. cxd5 cxd5 4. Bf4 Nc6 5. Nc3 Nf6 6. Nf3 Bf5 7. Qb3 Na5 8.
Qa4+ Bd7 9. Qc2 Rc8 10. e3 e6 11. Bd3 h6 12. O-O Bb4 13. Ne5 O-O 14. h3 Qe8 15.
Nxd7 Qxd7 16. Rfc1 Bxc3 17. bxc3 Nc4 18. Qe2 Qe7 19. Rab1 Rc6 20. f3 Rfc8 21.
Bg3 Ne8 22. Be1 b6 23. e4 Qg5 24. h4 Qf4 25. g3 Qe3+ 26. Qxe3 Nxe3 27. Bb5 R6c7
28. Bd2 Nc4 29. Bf4 Re7 30. Ba6 Rc6 31. Re1 dxe4 32. fxe4 e5 33. Bc1 Ned6 34.
Rb4 Na5 35. Bb2 f6 36. h5 Nac4 37. Ba1 Rec7 38. Re2 Kf7 39. Kg2 Ke7 40. Bxc4
Nxc4 41. Rb5 Rd7 42. Rb1 Rd8 43. Rf1 Rc7 44. Kh3 Ke6 45. Kg2 Rb8 46. Rb1 Rd8
47. Rd1 Rdd7 48. Rd3 Rd8 49. Kf2 Rdc8 50. Ke1 Rb7 51. Bb2 Rbc7 52. Bc1 Nd6 53.
Bd2 Nb5 54. Ree3 Na3 55. Kd1 Nc4 56. Rf3 Nb2+ 57. Kc2 Nxd3 58. d5+ Kd6 59. Kxd3
Rc4 60. Rf2 b5 61. g4 b4 62. cxb4 Rd4+ 63. Ke3 Rcc4 {Kxd4} 0-1

[Event "SR Extraliga 2017/2018"]
[Site "?"]
[Date "2018.01.07"]
[Round "8.8"]
[White "Gazik, Igor"]
[Black "Federic, Jozef"]
[Result "1-0"]
[WhiteElo "2269"]
[BlackElo "2225"]
[PlyCount "135"]
[EventDate "2017.??.??"]

1. d4 d5 2. Nf3 Nf6 3. e3 e6 4. Bd3 c5 5. c3 Nbd7 6. Nbd2 Bd6 7. O-O O-O 8. Re1
Qc7 9. e4 cxd4 10. cxd4 dxe4 11. Nxe4 Be7 12. Bg5 Qd8 13. Nxf6+ Nxf6 14. Rc1
Nd5 15. Bxe7 Qxe7 16. Qb3 Qb4 17. Qc2 Nf6 18. a3 Qb6 19. Re5 Bd7 20. Rc5 Bc6
21. Ne5 Bd5 22. g4 h6 23. h4 Qd8 24. Qe2 Nd7 25. Nxd7 Qxd7 26. g5 Bc6 27. gxh6
f5 28. Bc4 Rae8 29. Re5 Rf6 30. d5 Rg6+ 31. Kf1 exd5 32. Rxe8+ Qxe8 33. Qxe8+
Bxe8 34. Bxd5+ Kh7 35. hxg7 Rxg7 36. Ke2 Rg6 37. Kf1 Rg7 38. Ke2 Re7+ 39. Kf3
Kg6 40. Rc3 Rh7 41. Re3 Bd7 42. Bxb7 Rxh4 43. Re7 Rd4 44. Ke3 Rd6 45. f4 Bb5
46. Bc8 Rd3+ 47. Kf2 Rd2+ 48. Kg3 Rxb2 49. Rxa7 Rb3+ 50. Kf2 Bd3 51. Be6 Rb2+
52. Kf3 Be4+ 53. Ke3 Kf6 54. Bc4 Rc2 55. Ra6+ Ke7 56. Kd4 Rc1 57. a4 Bf3 58.
Ra5 Be4 59. Ra7+ Kf6 60. Ra6+ Ke7 61. a5 Bg2 62. Rg6 Bf1 63. Bxf1 Rxf1 64. Ke5
Rc1 65. Rg7+ Ke8 66. a6 Rc5+ 67. Kd4 Ra5 68. a7 1-0

[Event "SR Extraliga 2017/2018"]
[Site "?"]
[Date "2018.01.07"]
[Round "8.1"]
[White "Navara, David"]
[Black "Miton, Kamil"]
[Result "1/2-1/2"]
[WhiteElo "2749"]
[BlackElo "2585"]
[PlyCount "102"]
[EventDate "2017.??.??"]

1. e4 e6 2. d4 d5 3. Nc3 dxe4 4. Nxe4 Bd7 5. Nf3 Bc6 6. Bd3 Nd7 7. O-O Ngf6 8.
Ng3 g6 9. b3 Bg7 10. Ba3 Bf8 11. Bb2 Bg7 12. c4 O-O 13. Qe2 Bxf3 14. Qxf3 c6
15. Rfe1 Qb6 16. Rad1 Rfe8 17. Bc3 a5 18. h3 Rad8 19. Qe2 Qc7 20. Qb2 Rc8 21.
Rc1 Qb6 22. Nf1 Red8 23. Nd2 Qa7 24. Bf1 b5 25. cxb5 Nd5 26. Nf3 cxb5 27. Bxb5
Rxc3 28. Rxc3 Bxd4 29. Nxd4 Qxd4 30. Rec1 Nxc3 31. Qxc3 Qxc3 32. Rxc3 Nf6 33.
a4 Ne4 34. Rc2 Kf8 35. f3 Rd1+ 36. Kh2 Nd6 37. Bc6 Nf5 38. b4 axb4 39. Rb2 Nd4
40. Bb5 b3 41. Bc4 Ra1 42. Bxb3 Nxb3 43. Rxb3 Rxa4 44. g4 Kg7 45. Kg3 h5 46.
Rb5 Kh6 47. g5+ Kg7 48. h4 Rd4 49. Rb8 Rd5 50. Re8 Rf5 51. Ra8 Rd5 1/2-1/2

[Event "SR Extraliga 2017/2018"]
[Site "?"]
[Date "2018.01.07"]
[Round "8.2"]
[White "Antoniewski, Rafal"]
[Black "Babula, Vlastimil"]
[Result "1/2-1/2"]
[WhiteElo "2529"]
[BlackElo "2555"]
[PlyCount "50"]
[EventDate "2017.??.??"]

1. e4 c5 2. Nf3 e6 3. d4 cxd4 4. Nxd4 Nc6 5. Nc3 Qc7 6. a3 a6 7. Be3 Nf6 8. Be2
Be7 9. f4 d6 10. g4 Na5 11. g5 Nd7 12. O-O Nc4 13. Bc1 b5 14. b3 Na5 15. Bb2
Bb7 16. Qd2 Nc6 17. Nf5 exf5 18. Nd5 Qd8 19. exf5 Nce5 20. Nxe7 Qxe7 21. fxe5
Nxe5 22. f6 gxf6 23. Rxf6 Rg8 24. Kf1 O-O-O 25. Qf4 Rg6 1/2-1/2

[Event "SR Extraliga 2017/2018"]
[Site "?"]
[Date "2018.01.07"]
[Round "8.3"]
[White "Markos, Jan"]
[Black "Tazbir, Marcin"]
[Result "1/2-1/2"]
[WhiteElo "2559"]
[BlackElo "2524"]
[PlyCount "33"]
[EventDate "2017.??.??"]

1. d4 Nf6 2. c4 g6 3. Nc3 d5 4. cxd5 Nxd5 5. Bd2 Bg7 6. e4 Nxc3 7. Bxc3 O-O 8.
Qd2 b6 9. h4 Nd7 10. h5 Nf6 11. hxg6 Nxe4 12. Qc2 Qd5 13. Bd3 Bf5 14. gxh7+ Kh8
15. Rh5 Nxc3 16. Rxf5 Qxg2 17. Nf3 1/2-1/2

[Event "SR Extraliga 2017/2018"]
[Site "?"]
[Date "2018.01.07"]
[Round "8.4"]
[White "Jurcik, Martin"]
[Black "Kriebel, Tadeas"]
[Result "0-1"]
[WhiteElo "2334"]
[BlackElo "2505"]
[PlyCount "70"]
[EventDate "2017.??.??"]

1. e4 c5 2. Nf3 d6 3. d4 cxd4 4. Nxd4 Nf6 5. Nc3 a6 6. Be2 e5 7. Nb3 Be7 8. Bg5
Be6 9. Bxf6 Bxf6 10. Qd3 O-O 11. Rd1 Be7 12. Nd5 Bxd5 13. Qxd5 Qc7 14. c3 Nd7
15. O-O b5 16. Na1 Rad8 17. Qb3 Nf6 18. Bf3 d5 19. exd5 e4 20. Be2 Qe5 21. Nc2
Nxd5 22. g3 Bc5 23. Nd4 Ne7 24. a4 bxa4 25. Qxa4 Rd6 26. Nb3 Rxd1 27. Rxd1 Bb6
28. Qxa6 Qf6 29. Nd4 Rb8 30. b4 g6 31. Qa2 Rd8 32. Bc4 Nc6 33. Bd5 Bxd4 34. b5
Rxd5 35. Rxd4 Rxd4 0-1

[Event "SR Extraliga 2017/2018"]
[Site "?"]
[Date "2018.01.07"]
[Round "8.5"]
[White "Mrva, Martin"]
[Black "Likavsky, Tomas"]
[Result "1-0"]
[WhiteElo "2409"]
[BlackElo "2428"]
[PlyCount "67"]
[EventDate "2017.??.??"]

1. e4 c5 2. Nf3 e6 3. Nc3 a6 4. d4 cxd4 5. Nxd4 b5 6. Be2 Bb7 7. O-O b4 8. Nd5
exd5 9. exd5 Bd6 10. Nf5 Qf6 11. Bd3 Ne7 12. Bg5 Qe5 13. Qh5 g6 14. Nxd6+ Qxd6
15. Qh4 Qxd5 16. f3 Qc5+ 17. Kh1 Nbc6 18. Rfe1 f6 19. Bxg6+ Kd8 20. Be3 Qd6 21.
Be4 Kc8 22. Rad1 Qe6 23. Bc5 Nf5 24. Qf4 Ng7 25. Bd5 Qf5 26. Qg3 Nh5 27. Qf2
Nf4 28. Be4 Qh5 29. Bd6 Qg5 30. g3 Ne6 31. Rd5 Ne5 32. Qb6 Bxd5 33. Bxd5 Qd2
34. Bb7# 1-0

[Event "SR Extraliga 2017/2018"]
[Site "?"]
[Date "2018.01.07"]
[Round "8.6"]
[White "Kantorik, Marian"]
[Black "Pinter, Erik"]
[Result "1/2-1/2"]
[WhiteElo "2316"]
[BlackElo "2365"]
[PlyCount "52"]
[EventDate "2017.??.??"]

1. d4 Nf6 2. c4 g6 3. Nc3 d5 4. Nf3 Bg7 5. Bg5 Ne4 6. Bf4 Nxc3 7. bxc3 c5 8. e3
Nc6 9. Be2 dxc4 10. O-O O-O 11. Bxc4 Bg4 12. Be2 Qa5 13. h3 Bxf3 14. Bxf3 Qxc3
15. Rc1 Qa3 16. Bxc6 bxc6 17. Rxc5 Qxa2 18. Rxc6 a5 19. Qa1 Qd5 20. Rfc1 a4 21.
Qa3 Rfe8 22. R6c5 Qd7 23. Rc7 Qd8 24. R7c4 Qd7 25. Rc7 Qd8 26. R7c4 Qd7 1/2-1/2

[Event "SR Extraliga 2017/2018"]
[Site "?"]
[Date "2018.01.07"]
[Round "8.7"]
[White "Pcola, Pavol"]
[Black "Hanko, Pavol"]
[Result "1-0"]
[WhiteElo "2373"]
[BlackElo "2052"]
[PlyCount "95"]
[EventDate "2017.??.??"]

1. c4 Nf6 2. g3 g6 3. Bg2 Bg7 4. Nc3 O-O 5. d4 d6 6. e3 Nc6 7. Nge2 a6 8. O-O
Rb8 9. b3 Na5 10. Bd2 c5 11. Nd5 Nc6 12. Bc3 Bf5 13. dxc5 dxc5 14. Nxf6+ exf6
15. Bxc6 bxc6 16. Qxd8 Rfxd8 17. Ba5 Rd7 18. Rad1 Rbb7 19. Nc3 Bh3 20. Rfe1 f5
21. Na4 Bf8 22. f3 g5 23. Kf2 h5 24. Bb6 f4 25. exf4 gxf4 26. Bxc5 Bh6 27. Bd4
Re7 28. Nc5 Rxe1 29. Rxe1 Rb8 30. Be5 Rd8 31. Bxf4 Bg7 32. Be3 a5 33. Ke2 Bf8
34. Ne4 Bg7 35. Rd1 Ra8 36. Nc5 Bf8 37. Na4 Re8 38. Kf2 Bb4 39. c5 Be6 40. Rd6
Rc8 41. Bd2 Bxd2 42. Rxd2 Bf5 43. Nb6 Rb8 44. Ke3 Re8+ 45. Kf4 Bg6 46. Nc4 Ra8
47. Ne5 a4 48. Nxc6 1-0

[Event "SR Extraliga 2017/2018"]
[Site "?"]
[Date "2018.01.07"]
[Round "8.8"]
[White "Magat, Jozef"]
[Black "Krak, Tomas"]
[Result "1/2-1/2"]
[WhiteElo "2118"]
[BlackElo "2285"]
[PlyCount "187"]
[EventDate "2017.??.??"]

1. Nf3 g6 2. d4 Nf6 3. g3 Bg7 4. Bg2 O-O 5. O-O d6 6. c4 c6 7. Nc3 Qa5 8. Qc2
Qh5 9. Bg5 h6 10. Bxf6 Bxf6 11. Rad1 Bg7 12. b4 g5 13. d5 a5 14. a3 axb4 15.
axb4 Ra3 16. Nb1 Ra1 17. Nc3 Ra3 18. Nb1 Ra1 19. Nc3 Rxd1 20. Rxd1 Na6 21. Rb1
c5 22. bxc5 Nxc5 23. Na4 Nxa4 24. Qxa4 Qg6 25. Qd1 Qf6 26. Ne1 Qe5 27. Qd3 Bf5
28. e4 Bc8 29. Nf3 Qf6 30. Rb6 Qa1+ 31. Rb1 Qa7 32. Qe3 Qxe3 33. fxe3 Bf6 34.
Nd4 h5 35. Bf1 Kg7 36. Bd3 Rh8 37. Kg2 h4 38. Nf5+ Bxf5 39. exf5 hxg3 40. hxg3
Ra8 41. Kf3 Ra3 42. Ke4 Ra7 43. Rb3 Be5 44. g4 Bf6 45. Bc2 Kf8 46. Rb4 Bc3 47.
Ra4 Ba5 48. Bb3 b6 49. Ra2 Kg7 50. Kd3 Ra8 51. Rh2 Be1 52. Re2 Bb4 53. Ke4 Rh8
54. Bd1 Rh1 55. Rb2 Bc5 56. Be2 Rh2 57. Rc2 Kf6 58. Rd2 Rh1 59. Rd1 Rh3 60. Rd3
Rg3 61. Bf3 Rh3 62. Be2 Rh8 63. Rb3 Ra8 64. Rb1 Ra2 65. Bd3 Rg2 66. Kf3 Rh2 67.
Bf1 Ke5 68. Rd1 Rc2 69. Rb1 Rc3 70. Re1 Ra3 71. Re2 Rb3 72. Re1 Rc3 73. Kf2 Ba3
74. Rd1 Bc5 75. Bd3 Ra3 76. Ke2 Ra2+ 77. Rd2 Ra1 78. Kf3 Rh1 79. Re2 Rh3+ 80.
Kf2 Rxe3 81. Rxe3+ Kf4 82. Be2 Bxe3+ 83. Kg2 Bd4 84. Bd1 Bc5 85. Kh3 Ke5 86.
Ba4 e6 87. fxe6 fxe6 88. dxe6 Kxe6 89. Kg3 d5 90. cxd5+ Kxd5 91. Bb5 Bg1 92.
Kf3 Kc5 93. Bd3 Bh2 94. Ke2 1/2-1/2

[Event "SR Extraliga 2017/2018"]
[Site "?"]
[Date "2018.01.07"]
[Round "8.1"]
[White "Stocek, Jiri"]
[Black "Cernousek, Lukas"]
[Result "1-0"]
[WhiteElo "2566"]
[BlackElo "2468"]
[PlyCount "81"]
[EventDate "2017.??.??"]

1. d4 d5 2. c4 dxc4 3. e3 Nf6 4. Bxc4 e6 5. Nf3 c5 6. O-O a6 7. Qe2 b5 8. Bd3
cxd4 9. a4 bxa4 10. Rd1 Nc6 11. Rxa4 Nb4 12. Bd2 Nxd3 13. Rxd4 Qc7 14. Qxd3 Be7
15. Rc4 Qb6 16. Bb4 Bxb4 17. Rxb4 Qc7 18. Rc4 Qe7 19. Qa3 Qxa3 20. Nxa3 O-O 21.
Ne5 Ra7 22. f3 Nd5 23. Rdc1 Bd7 24. e4 Nf6 25. Rc7 Rfa8 26. Rxa7 Rxa7 27. Nac4
Rc7 28. Nxf7 Rxc4 29. Rxc4 Kxf7 30. Rc7 Ke7 31. Ra7 Kd6 32. Rxa6+ Kc5 33. Kf2
Bc6 34. Ra1 Nd7 35. Rc1+ Kb5 36. Ke3 Nc5 37. Rd1 Na4 38. Rd6 Nxb2 39. Rxe6 g6
40. Kd4 Kb6 41. Re7 1-0

[Event "SR Extraliga 2017/2018"]
[Site "?"]
[Date "2018.01.07"]
[Round "8.2"]
[White "Motuz, Karol"]
[Black "Nayhebaver, Martin"]
[Result "0-1"]
[WhiteElo "2425"]
[BlackElo "2446"]
[PlyCount "80"]
[EventDate "2017.??.??"]

1. d4 Nf6 2. c4 e6 3. Nc3 Bb4 4. g3 O-O 5. Bg2 d6 6. Nf3 Nc6 7. O-O Bxc3 8.
bxc3 e5 9. d5 Na5 10. c5 b6 11. c6 e4 12. Nh4 h6 13. Qd4 Re8 14. f3 exf3 15.
exf3 Ba6 16. Rd1 Be2 17. Re1 Bc4 18. Rxe8+ Qxe8 19. Bxh6 Qe5 20. Bd2 Bxd5 21.
Qf2 Bxc6 22. Re1 Qd5 23. Re7 Qxa2 24. Rxc7 Qb1+ 25. Bf1 Nd5 26. Rxc6 Nxc6 27.
Qe2 Qc2 28. Ng2 Nxc3 29. Qf2 Nb1 30. Be1 Qxf2+ 31. Kxf2 Na3 32. Ne3 b5 33. Nd5
a5 34. Bc3 b4 35. Bb2 Ne5 36. Ne7+ Kf8 37. Nf5 Rc8 38. Bd4 b3 39. Nxd6 Rc2+ 40.
Ke3 b2 0-1